000 00815nam a2200193 a 4500
008 090106s2008 ||||||||||||||||| || u
050 _aIBRD(02)
100 _aGottret, Pablo
245 1 0 _aGood practices in health financing: lessons from reforms in low-and middle-income countries
260 _aWashington, D. C.
_bWorld Bank
_c2008
300 _axxiv, 504p. :ill.
350 _a0.00
650 _aMEDICAL CARE--DEVELOPING COUNTRIES--FINANCE
650 _aHEALTH
650 _aHEALTH CARE REFORM--ECONOMIC ASPECTS--DEVELOPING COUNTRIES
650 _aMEDICAL POLICY--ECONOMIC ASPECTS--DEVELOPING COUNTRIES
710 _aWorld Bank
995 _D0.00
_FCBU-MAIN LIBRARY (Kitwe)
_H1
_I0.00
_M1
_UAVAILABLE
_WJan 6, 2009
_ZInternational Publications
999 _c44796
_d44796